| 000 | 00737nam a2200229Ia 4500 | ||
|---|---|---|---|
| 003 | GCL | ||
| 008 | 140319s9999 xx 000 0 ara d | ||
| 040 |
_aGCL / _cGCL |
||
| 082 | 0 | 4 |
_a328.369 _bط د |
| 100 | 1 | _aطارق فتح الله خضر | |
| 245 | 1 | 0 |
_aدور الاحزاب السياسية فى ظل النظام النيابى (دراسة مقارنة) / _cطارق فتح الله خضر |
| 260 |
_a[S.N] : _bدائرة الاعلام |
||
| 300 | _a391 ص | ||
| 490 | _a | ||
| 650 | 0 | 4 | _aفرنسا |
| 650 | 0 | 4 | _aالجزائر |
| 650 | 0 | 4 | _aالصين |
| 650 | 0 | 4 | _aالاحزاب السياسية |
| 650 | 0 | 4 | _aالهيئات التشريعية |
| 650 | 0 | 4 | _aالحارسة البرلمانية |
| 942 |
_2ddc _cBK |
||
| 999 |
_c27754 _d27754 |
||